LEADER 01961oam 2200625M 450 001 9910715775003321 005 20191123062015.1 035 $a(CKB)5470000002514322 035 $a(OCoLC)1065762749 035 $a(OCoLC)995470000002514322 035 $a(EXLCZ)995470000002514322 100 $a20070221d1850 ua 0 101 0 $aeng 135 $aurcn||||||||| 181 $ctxt$2rdacontent 182 $cc$2rdamedia 183 $acr$2rdacarrier 200 10$aChild, Farr & Co. (To accompany Bill H.R. No. 286.) May 16, 1850 210 1$a[Washington, D.C.] :$c[publisher not identified],$d1850. 215 $a1 online resource (1 page) 225 1 $aHouse report / 31st Congress, 1st session. House ;$vno. 329 225 1 $a[United States congressional serial set ] ;$v[serial no. 584] 300 $a"Child, Fair and Company" is the version of that appears most often in the Congressional Serial Set. 300 $aBatch processed record: Metadata reviewed, not verified. Some fields updated by batch processes. 300 $aFDLP item number not assigned. 517 $aChild, Farr & Co. 606 $aClaims 606 $aMalicious mischief 606 $aVandalism 606 $aDrawbacks 606 $aFires 606 $aHardware 606 $aSteamboats 606 $aTariff 606 $aMerchants 608 $aLegislative materials.$2lcgft 615 0$aClaims. 615 0$aMalicious mischief. 615 0$aVandalism. 615 0$aDrawbacks. 615 0$aFires. 615 0$aHardware. 615 0$aSteamboats. 615 0$aTariff. 615 0$aMerchants. 701 $aPhoenix$b Jonas Phillips$f1788-1859$pWhig (NY)$01387416 801 0$bWYU 801 1$bWYU 801 2$bOCLCO 801 2$bOCLCQ 801 2$bOCLCO 906 $aBOOK 912 $a9910715775003321 996 $aChild, Farr & Co. (To accompany Bill H.R. No. 286.) May 16, 1850$93530715 997 $aUNINA LEADER 01976oam 2200541 450 001 9910574881903321 005 20231204180940.0 024 7 $a10.1145/3472538 035 $a(CKB)4930000000238500 035 $a(NjHacI)994930000000238500 035 $a(EXLCZ)994930000000238500 100 $a20230819h20212021 uy 0 101 0 $aeng 135 $aur||||||||||| 181 $ctxt$2rdacontent 182 $cc$2rdamedia 183 $acr$2rdacarrier 200 00$a16th International Conference on the Foundations of Digital Games (FDG) 2021 /$fAllan Fowler [and four others], editors 210 1$aNew York :$cAssociation for Computing Machinery,$d2021. 210 4$dİ2021 215 $a1 online resource (534 pages) $cillustrations (some color) 225 1 $aACM international conference proceedings series 311 0 $a1-4503-8422-6 320 $aIncludes bibliographical references. 410 0$aACM international conference proceedings series. 517 3 $a16th International Conference on the Foundations of Digital Games 606 $aComputer games$vCongresses 606 $aComputer games$xDesign$vCongresses 606 $aVideo games$xDesign$vCongresses 606 $aInteractive games 606 $aMassively multiplayer online games 615 0$aComputer games 615 0$aComputer games$xDesign 615 0$aVideo games$xDesign 615 0$aInteractive games. 615 0$aMassively multiplayer online games. 676 $a794.8 702 $aFowler$b Allan 712 02$aAssociation for Computing Machinery.$bSpecial Interest Committee on Computer Graphics. 712 02$aACM SIGAI. 712 02$aSIGCHI (Group : U.S.) 712 12$aInternational Conference on the Foundations of Digital Games. 801 0$bNjHacI 801 1$bNjHacl 906 $aBOOK 912 $a9910574881903321 996 $a16th International Conference on the Foundations of Digital Games (FDG) 2021$92880977 997 $aUNINA